000 00681nam a2200265Ia 4500
005 20260121165956.0
008 008 260114s9999 xx 000 0 eng d
020 _a9783319531410
037 _aEBOOK
040 _aCRL
040 _beng
040 _cCRL
041 _2eng
041 _aeng
084 _qCRL
100 _aKerstin von Lingen
_91058297
245 0 _aDebating Collaboration and Complicity in War Crimes Trials in Asia, 1945-1956
260 _bSpringer
260 _bSpringer
260 _c2017
856 _uhttps://link.springer.com/openurl?genre=book&isbn=978-3-319-53141-0
942 _cEBOOK
999 _c1624026
_d1624026